| 000 | 00695nam a2200217 4500 | ||
|---|---|---|---|
| 001 | 132583 | ||
| 003 | ES-MaACL | ||
| 005 | 20230906194215.0 | ||
| 007 | t| | ||
| 008 | 070214s1968 sp r ||||1| spa d | ||
| 080 | _a821.134.2-14"19" | ||
| 100 | 1 |
_aRomo Arregui, Josefina. _999481 |
|
| 245 | 1 | 0 |
_aAutoantología / _cJosefina Romo Arregui. |
| 260 |
_aMadrid : _bAcademia de la Lengua Española de Nueva York, _c1968. |
||
| 300 |
_a117 p. ; _c22 cm. |
||
| 490 | 1 | _aColección "Poesía Hispánica" | |
| 710 | 2 |
_aAcademia Norteamericana de la Lengua Española. _91215 |
|
| 830 | 0 |
_aColección "Poesía Hispánica" _9219660 |
|
| 852 |
_aES-MaACL _jC-34941 _bR.68015 |
||
| 999 |
_c132583 _d132583 |
||